000 00397nam a2200169Ia 4500
003 0STCL
008 150530s9999 xx 000 0 und d
040 _aSTCL
_cSTCL
100 _aWoolf; Bell, A.O.; Editor
245 _aDiary of virginia Woolf vol-1
250 _aFirst
260 _bPenguin books
_c1983
546 _aEnglish
942 _2ddc
_cBK
999 _c60487
_d60487
005 20220125171136.0